000 005490000a22001930004500
020 _a84-7057-218-0
041 0 _aSPA
082 0 4 _aG 465 M417e
100 1 _aMateos, Juan
245 1 0 _aEstudios de Nuevo Testamento I : el aspecto verbal en el Nuevo Testamento / Juan Mateos
260 _aMadrid, España : Cristiandad
300 _a171 Pág.
650 1 4 _aGRIEGO BIBLICO - VERBO (GRAMATICA)
001 20902
942 _cBK
999 _c47247
_d47247
336 _atexto
_btxt
_2rdacontent
337 _2rdamedia
_asin mediación
_bn
338 _2rdacarrier
_avolumen
_bnc